Geography Quiz

Random Geography or State Quiz
Score 0/8 Timer 02:00
3 Plays Today
% Correct
Florida
88.4%
Hawaii
77.9%
Utah
76.2%
Georgia
75%
Louisiana
71.8%
Rhode Island
68.4%
Delaware
65.3%
Pennsylvania
62.3%
Remove Ads.
Support Sporcle.
Get the best of Sporcle when you Go Orange. This ad-free experience offers more features, more stats, and more fun while also helping to support Sporcle. Thank you for becoming a member.

You're not logged in!

Compare scores with friends on all Sporcle quizzes.
OR
Log In

Show Comments

Extras

Top Quizzes Today


Score Distribution

Your Account Isn't Verified!

In order to create a playlist on Sporcle, you need to verify the email address you used during registration. Go to your Sporcle Settings to finish the process.

Report this User

Report this user for behavior that violates our Community Guidelines.

Details: